| 000 | 00448 a2200145 4500 | ||
|---|---|---|---|
| 999 |
_c9603 _d9603 |
||
| 050 | _aKTZ2.23.A2Z56 | ||
| 100 |
_dFeltoe G _eeditor |
||
| 245 |
_aZimbabwe law reports : _b1998 part 2 / _cG Felton and J Reid Rowland |
||
| 264 |
_aHarare:Zimbabwe: _bLegal Resources Foundation WO41/84, _c1998 |
||
| 300 | _a607p. : | ||
| 500 | _aincludes subject index | ||
| 650 | _alaw report | ||
| 700 | _aRowland Reid J | ||
| 942 |
_2lcc _cSERIALS _h2.23.A2Z56 _iFEL _kKTZ |
||